000 01073nam a2200241 a 4500
005 20180803170325.0
008 121019s2011 ck a gr 000 0dspa d
020 _a9789588491370
040 _aCO-BoBLA
_cCO-BoBLA
_dCO-BoIAVH
041 0 _aspa
044 _ack
082 0 4 _a363.73926
_bC71p
110 2 _aColombia
_bMinisterio de Ambiente, Vivienda y Desarrollo Territorial
245 1 0 _aPolítica de prevención y control de la contaminación del aire /
_cMinisterio de Ambiente, Vivienda y Desarrollo Territorial.
260 _aBogotá :
_bMinisterio de Ambiente, Vivienda y Desarrollo Territorial. Viceministerio de Ambiente. Dirección de Desarrollo Sectorial Sostenible,
_c2011.
300 _a47 páginas :
_bilustraciones ;
_c28 x 22 cm.
504 _aIncluye referencias bibliográficas.
650 2 6 _aPolución del aire
_xPrevención
_zColombia
650 2 6 _aPolución del aire
_xLegislación
_zColombia
650 2 6 _aAire
_xControl de calidad
_zColombia
650 2 6 _aPolítica ambiental
_yColombia
942 _2ddc
_cLIBRO
999 _c18960
_d18960